COURS 6 - Statistiques

Statistiques générales
  • Ce quiz a été pris 7 fois
  • Le résultat moyen est 16 sur 30
Statistiques - réponses
Événement Date % Correct
Proclamation d'israël 14 mai 1948
100%
Programme CNR 15 Mars 1944
100%
Rapport Beveridge 1942
100%
Début du procès de Nuremberg 20 novembre 1945
100%
Accords de Bretton Woods 22 juillet 1944
100%
Coup de Prague 25 février 1948
100%
Conférence de Potsdam 17 juillet-2 aout 1945
50%
Élections libres en Tchéq 1946
50%
Création du Kominform 1947
50%
Déclaration de Washington 1 janvier 1942
50%
Fin procès Nuremberg 1 octobre 1946
50%
Élection de l'assemblée constituante 21 octobre 1945
50%
Libération d'Auscwhitz 26 janvier 1945
50%
Conférence de Téhéran 28 novembre 1 decembre 1943
50%
Ordonnances 4 et 19 octobre 1945
50%
Proposition du plan Marshall 5 juin 1947
50%
Les US acceptent la capitulation allemande 7 mai 1945
50%
Camus dans Combat 8 aout 1945
50%
Nationalisation gaz et électricité avril 1946
50%
Nationalisation des mines du Pas de Calais décembre 1944
50%
Nationalisation de Renault décembre 1945
50%
Nationalisation de la Banque de France décembre 1945
50%
Création du Commissariat général au Plan décembre 1945
50%
Fin de la premiere guerre israélo arabe janvier 1949
50%
GB reconnait RPC Janvier 1950
50%
Conférence de Londres juin 1948
50%
Charte de l'Atlantique 14 aout 1941
0%
TMIPEO 3 Mai 1946-12 novembre 1948
0%
Accords de Londres 8 aout 1945
0%
Renvoi de l'Exodus juillet 1947
0%
Aucun quiz correspondant
Distribution des résultats
% des personnes avec chaque résultat
Percentile par nombre de réponses
Votre historique - résultats
Vous n’avez pas pris ce quiz